1289 1752 1228 1940 1391 1572 1633 1795 1045 1124 1510 1718 1055 1031 1806 1480 1354 1948 1855 1303 1935 1421 1854 1578 1810 1936 1312 1574 1763 1579 1537 1663 1290 1474 1498 1390 1652 1000 1026 1405 1280 1155 1995 1961 1335 1325 1598 1763 1599 1031 1014 1531 1233 1171 1109 1095 1918 1983 1980 1669 1482 1186 1982 1968 1186 1679 1421 1867 1740 1914 1615 1238 1259 1444 1163 1554 1105 1725 1689 1668 1691 1075 1556 1766 1980 1145 1688 1125 1605 1187 1682 1413 1481 1874 1831 1045 1889 1633 1062 BCNSPRNW ULIB Ver.6.0+V

เปลี่ยนเป็นภาษาไทย

Change to English
 แสดงรายละเอียดบรรณานุกรม
  กลับหน้าหลัก

Brief Record : Get Marc (ISO 2709) : E-mail record : QR code < ปิดหน้าต่าง
LEADER : 00000nam 2200000uu 4500
001    13399125671
003     ULIB
008    170713s2559||||th 000 0 tha d
020    ^a9786161810573
060  0 ^aQV766^bพ237ป
100 0  ^aพรดี จันทรเวชชสมาน^eเรียบเรียง
245 00 ^aประโยชน์มหัศจรรย์ : น้ำมันงา /^cพรดี จันทรเวชชสมาน^eเรียบเรียง
260    ^aกรุงเทพฯ :^bอมรินทร์เฮลท์ อมรินทร์พริ้นติ้งแอนด์พับลิชชิ่ง,^c2559
300    ^a102 หน้า :^bภาพประกอบ ;^c21 ซม.
650  0 ^aพืชน้ำมัน^xงา
650  0 ^aน้ำมันงา
650  0 ^aสมุนไพร^xการปรุงอาหาร(งา)^yการรักษาโรค
650  0 ^aความงาม
945    ^p89^l0^i25252
999    ^aกัณชพร จุลอักษร
รายการนี้ยังไม่มีแท็ก
คุณยังไม่ได้ล็อกอิน คุณสามารถมีกิจกรรมร่วมกับเว็บไซต์ได้ แต่ต้องล็อกอินก่อน ::
  ล็อกอิน

รายการสื่อสารสนเทศ

ลำดับที่ ประเภท เลขเรียก/บาร์โค้ด สถานที่ สถานะ
1. วิทยาศาสตร์การแพทย์ และสุขภาพ
วิทยาศาสตร์การแพทย์ และสุขภาพ
QV766 พ237ป ฉ.1 
  Barcode: 25252
ห้องสมุดวิทยาเขตนครสวรรค์
►หนังสือทั่วไป:l:General Books
บนชั้น

รายการใกล้เคียง
    หัวเรื่อง [น้ำมันงา]
    หัวเรื่อง [ความงาม]

BibComment


ยังไม่เคยถูกคอมเมนท์

คอมเมนท์ทรัพยากรรายการนี้
  คอมเมนท์: ประโยชน์มหัศจรรย..


 Copyright 2026. Bcnsprnw @Library